Statistics for NBA Teams Pau Gasol had played on

Click here to take the quiz!

General Stats

  • This quiz has been taken 30 times
  • The average score is 5 of 5

Answer Stats

Years with teamAnswer% Correct
2008-2014Los Angeles Lakers
100%
2002-2008Memphis Grizzlies
96%
2017-2019San Antonio Spurs
96%
2015-2016Chicago Bulls
92%
2019Milwaukee Bucks
69%

Score Distribution

Percentile by Number Answered

Percent of People with Each Score

Your Score History

You have not taken this quiz